Emerging trends in real estate Europe 2014 (Record no. 115087)

MARC details
000 -LEADER
fixed length control field 01190cam a22002175a 4500
001 - CONTROL NUMBER
control field L158031
008 - FIXED-LENGTH DATA ELEMENTS--GENERAL INFORMATION
fixed length control field 140129s2014 xxk f 000 0 eng d
035 ## - SYSTEM CONTROL NUMBER
System control number (Sirsi) u158031
041 0# - LANGUAGE CODE
Language code of text/sound track or separate title eng
110 2# - MAIN ENTRY--CORPORATE NAME
Corporate name or jurisdiction name as entry element PWC
245 00 - TITLE STATEMENT
Title Emerging trends in real estate Europe 2014
Remainder of title Real estate returns
Medium [electronic resource]
260 ## - PUBLICATION, DISTRIBUTION, ETC.
Place of publication, distribution, etc. London
Name of publisher, distributor, etc. PWC
Date of publication, distribution, etc. 2014
520 ## - SUMMARY, ETC.
Summary, etc. Reviews trends in the European real estate market in 2014. Highlights economic factors affecting the real estate market, looks at capital investment, highlights markets to watch as signs of economic recovery are underway with Berlin, Munich, Frankfurt, Hamburg together with London leading the way. Assesses how demographic changes are affecting real estate. City by city breakdown on investment trends. Concludes with the results of a survey focusing on sustainability issues.
590 ## - LOCAL NOTE (RLIN)
Local note KA
651 #4 - SUBJECT ADDED ENTRY--GEOGRAPHIC NAME
Geographic name Europe
690 ## - LOCAL SUBJECT ADDED ENTRY--TOPICAL TERM (OCLC, RLIN)
Topical term or geographic name as entry element Commercial property
9 (RLIN) 6227
690 ## - LOCAL SUBJECT ADDED ENTRY--TOPICAL TERM (OCLC, RLIN)
Topical term or geographic name as entry element Investments
9 (RLIN) 6250
710 1# - ADDED ENTRY--CORPORATE NAME
Corporate name or jurisdiction name as entry element Urban Land Institute
9 (RLIN) 3094
856 40 - ELECTRONIC LOCATION AND ACCESS
Uniform Resource Identifier <a href="https://www.pwc.com/gx/en/asset-management/emerging-trends-real-estate/assets/real-estate-returns2014.pdf">https://www.pwc.com/gx/en/asset-management/emerging-trends-real-estate/assets/real-estate-returns2014.pdf</a>
Public note View the item free of charge from www.pwc.com website
942 ## - ADDED ENTRY ELEMENTS (KOHA)
Suppress in OPAC 0
Holdings
Withdrawn status Lost status Source of classification or shelving scheme Damaged status Not for loan Home library Current library Shelving location Date acquired Total Checkouts Full call number Barcode Date last seen Copy number Price effective from Koha item type
    Dewey Decimal Classification     Virtual Virtual Online 29/01/2014   ONLINE PUBLICATION 158031-2001 06/08/2019 1 06/08/2019 Book